| 000 | 00701nam a2200229 a 4500 | ||
|---|---|---|---|
| 003 | BD-RjUL | ||
| 005 | 20240201105749.0 | ||
| 008 | 870730s1913 nyu 000 0 eng d | ||
| 035 | _a(BD-RjUL) | ||
| 040 |
_aNUN _beng _cNUN |
||
| 041 | _aeng | ||
| 082 |
_a823 _bLEP 1913 |
||
| 100 | 1 |
_aLe Queux, William. _911221 |
|
| 245 | 1 | 4 |
_aThe price of power / _cby William Le Queux. |
| 260 |
_aLondon : _bHurst and Blackett Ltd, _cc1913. |
||
| 300 |
_aviii, 343 p. _c19cm. |
||
| 650 | 0 |
_aWorld politics _y1945-1955. _911333 |
|
| 651 | 0 |
_aUnited States _xDefenses. _911334 |
|
| 651 | 0 |
_aUnited States _xForeign relations _y1945-1953. _911335 |
|
| 710 | 2 |
_aCouncil on Foreign Relations. _911336 |
|
| 942 |
_2ddc _cBK |
||
| 999 |
_c82893 _d82893 |
||